000 006500000a22002050004500
001 13638
090 _a13638
100 _a20050426d1976 m y0pory5003 ba
101 0 _apor
102 _aPT
200 1 _aKarl Marx
_fFranz Mehring
_gtrad. de Rui Manuel Tavares Wahnon
205 _a2ª ed
210 _aLisboa
_cPresença
_cLivraria Martins Fontes
_d1976
215 _avol.
_cil
327 0 _aVol. 1 : 290 p., [5] p., [8] p. il.
675 _a929 Marx, Karl
_vBN
_zpor
700 1 _aMehring
_bFranz
_f1846-1919
702 1 _947383
_4730
_aWahnon
_bRui
_f1947-
942 _cMON
_n0
999 _a13638
_bBibliobase - BMTAV
_c2019-01-21